| 000 | 00612nam a2200181 i 4500 | ||
|---|---|---|---|
| 001 | 49290 | ||
| 003 | ES-MaACL | ||
| 005 | 20230906161923.0 | ||
| 007 | t| | ||
| 008 | 030711s1980 sp ||||1| spa d | ||
| 100 | 1 |
_aCortés Benavides, Felipe. _940876 |
|
| 245 | 1 | 0 |
_aHistología vegetal básica / _cFelipe Cortés Benavides ; ilustraciones, Francisco Marín Bustamante y Carmen Somavilla Molina. |
| 260 |
_aMadrid : _bH. Blume, _c[1980] |
||
| 300 |
_a125 p. ; _c26 cm. |
||
| 700 | 1 |
_aMarín Bustamante, Francisco. _976774 |
|
| 700 | 1 |
_aSomavilla Molina, Carmen. _9107261 |
|
| 852 |
_aES-MaACL _jL-279 _bR.100940 |
||
| 999 |
_c49290 _d49290 |
||